000 00680nam a2200205 i 4500
001 43540
003 ES-MaACL
005 20240224062533.0
007 t|
008 030318s1969 sp ||||1| cat d
100 1 _aCervantes Saavedra, Miguel de,
_d1547-1616
_9226514
245 1 0 _aDon Quixot de la Manxa /
_cMiguel de Cervantes Saavedra ; traducció de Joaquím Civera i Sormani ; illustracions de Nuria Bordas.
250 _a1ª ed.
260 _aBarcelona :
_bTarraco,
_c1969.
300 _a724 p., 10 lám. ;
_c24 cm.
700 1 _aCivera i Sormani, Joaquím.
_938958
700 1 _aBordas, Nuria.
_930383
852 _aES-MaACL
_jC-46743
_bR.70325
999 _c43540
_d43540